000 01027nam a2200265 a 4500
001 000006903
003 DO-SdBNP
005 20260219115428.0
008 090903s2004 dr 001 0 spa d
040 _aDO-SdBNP
_bspa
_cBNPHU
082 4 _a346.7293052
_bP438s, 2004
100 1 _aPèrez Mèndez, Artagnan,
_d1929-2017
_977104
245 1 0 _aSucesiones y liberalidades /
_cArtagnan Pérez Méndez.
250 _a6a. ed., primera re-impreisión de la primera edición
260 _aSanto Domingo :
_bAmigo del Hogar
_bTaller,
_c2004.
300 _a281 p. ;
_c24 cm.
500 _aIncluye índice alfabético
500 _aIncluye referencias bibliográficas y notas al pie de las páginas
500 _aSexta edición corregida y actualizada, con las reformas introducidas por la ley 14-94 (código del menor )
504 _aBibliografía : p. 249- 250
590 _aInventariado, 2018/LP
650 4 _aDerecho sucesorio
_zRepública Dominicana
_93573
910 _aValidado. Control de calidad MFF
942 _2ddc
_cLBS1
999 _c6688
_d6688